[Event "8th Sunway Sitges 2021"]
[Site "Sitges ESP"]
[Date "2021.12.13"]
[Round "1.74"]
[White "Golsta, Madara"]
[Black "Setyaki, Azarya Jodi"]
[Result "0-1"]
[BlackTitle "IM"]
[WhiteElo "2037"]
[BlackElo "2389"]
[WhiteFideId "11607386"]
[BlackFideId "7101589"]
[EventDate "2021.12.13"]

1. d4 Nf6 2. c4 d6 3. Nc3 Nbd7 4. g3 e5 5. Bg2 g6 6. Nf3 Bg7 7. O-O O-O 8. b3
Re8 9. Bb2 c6 10. Rc1 a6 11. Rc2 e4 12. Ne1 Nf8 13. d5 c5 14. f3 Bf5 15. fxe4
Nxe4 16. Nxe4 Bxe4 17. Bxe4 Rxe4 18. Bxg7 Kxg7 19. Qa1+ Kg8 20. e3 Rxe3 21. Rcf2
f5 22. g4 Qg5 23. Nf3 Qxg4+ 24. Rg2 Qe4 25. Rgf2 Re8 26. Ng5 Qe7 27. Rg2 Re1 28.
Qc3 Qe3+ 29. Qxe3 Rxf1+ 30. Kxf1 Rxe3 31. Kf2 Re7 0-1

[Event "8th Sunway Sitges 2021"]
[Site "Sitges ESP"]
[Date "2021.12.13"]
[Round "1.75"]
[White "Gatineau, Yovann"]
[Black "Prodhomme, Boris"]
[Result "1-0"]
[WhiteTitle "IM"]
[WhiteElo "2384"]
[BlackElo "2028"]
[WhiteFideId "26028999"]
[BlackFideId "640034"]
[EventDate "2021.12.13"]

1. d4 d5 2. c4 c6 3. Nc3 Nf6 4. e3 a6 5. Qc2 b5 6. b3 Bg4 7. Nge2 e6 8. Ng3 Nh5
9. Bd3 Nxg3 10. hxg3 g6 11. f3 Bf5 12. e4 dxe4 13. Nxe4 Bg7 14. Bb2 Bxe4 15.
Bxe4 f5 16. Bd3 O-O 17. O-O-O Qf6 18. Rhe1 Nd7 19. Re2 Rac8 20. Kb1 c5 21. d5
Qxb2+ 22. Qxb2 Bxb2 23. dxe6 Bd4 24. exd7 Rb8 25. Re6 b4 26. g4 fxg4 27. Be4
gxf3 28. gxf3 Rbd8 29. Rd6 Kg7 30. R1xd4 cxd4 31. c5 d3 32. c6 d2 33. c7 Rxd7
34. Rxd7+ Rf7 35. Rxf7+ Kxf7 36. Kc2 1-0

[Event "8th Sunway Sitges 2021"]
[Site "Sitges ESP"]
[Date "2021.12.13"]
[Round "1.76"]
[White "Karenza, Dita"]
[Black "Sorensen, Hampus"]
[Result "1/2-1/2"]
[WhiteTitle "WIM"]
[BlackTitle "IM"]
[WhiteElo "2026"]
[BlackElo "2379"]
[WhiteFideId "7101473"]
[BlackFideId "8703884"]
[EventDate "2021.12.13"]

1. e4 e5 2. Nf3 Nc6 3. Bb5 a6 4. Ba4 Nf6 5. O-O Be7 6. Re1 b5 7. Bb3 d6 8. h3
O-O 9. c3 Nb8 10. d4 Nbd7 11. Nbd2 Bb7 12. Bc2 Re8 13. Nf1 Bf8 14. Ng3 g6 15. a4
c5 16. d5 c4 17. Be3 Nc5 18. Nh2 Rb8 19. axb5 axb5 20. Qf3 Bc8 21. Ra7 Bd7 22.
Rea1 Be7 23. Bxc5 dxc5 24. Nhf1 Rf8 25. Ne3 Ne8 26. Ng4 f6 27. Qe3 Qc8 28. Bd1
Bd6 29. Nh6+ Kh8 30. Bg4 Rb7 31. Ra8 Qc7 32. Be6 Bxe6 33. dxe6 Qe7 34. Nf7+ Kg8
35. h4 Bb8 36. h5 Ng7 37. Nh6+ Kh8 38. Nf7+ Kg8 39. hxg6 hxg6 40. Qh6 Qxe6 41.
Nh8 Re8 42. Nxg6 Qg4 43. Nh4 Qf4 44. Nhf5 Qxh6 45. Nxh6+ Kf8 46. Ng4 Kf7 1/2-1/2

[Event "8th Sunway Sitges 2021"]
[Site "Sitges ESP"]
[Date "2021.12.13"]
[Round "1.77"]
[White "Prraneeth, Vuppala"]
[Black "Karadzhov, Ivan"]
[Result "1-0"]
[WhiteTitle "CM"]
[WhiteElo "2377"]
[BlackElo "2019"]
[WhiteFideId "46622373"]
[BlackFideId "2922568"]
[EventDate "2021.12.13"]

1. d4 d5 2. c4 c6 3. Nc3 Nf6 4. e3 e6 5. Nf3 Nbd7 6. Be2 dxc4 7. a4 Bd6 8. Nd2
e5 9. Nxc4 Bc7 10. d5 cxd5 11. Nxd5 Nxd5 12. Qxd5 O-O 13. a5 Nf6 14. Qxd8 Rxd8
15. Bd2 Be6 16. Bc3 Bxc4 17. Bxc4 Ne4 18. Ke2 Nxc3+ 19. bxc3 b6 20. a6 Rac8 21.
Rhc1 Bd6 22. Bd5 Bc5 23. e4 Kf8 24. g3 Ke7 25. f4 Bd6 26. f5 f6 27. g4 Ke8 28.
c4 Be7 29. Rcb1 Rc5 30. Rb3 h6 31. Rd1 Rd6 32. Ra1 Rd8 33. Kf3 Rd6 34. Kg3 Rd8
35. Kh4 Kf8 36. Kh5 Rcc8 37. Kg6 Rc5 38. Rd3 Rcc8 39. Rad1 Rd6 40. Rb1 Rdd8 41.
Rbb3 Rd6 42. h4 Rdd8 43. Rh3 Rc5 44. Rbd3 Rd6 45. Be6 Rcc6 46. Rd5 Rxd5 47. cxd5
Rc2 48. d6 Bxd6 49. Rd3 Ke7 50. Kxg7 Rh2 51. g5 fxg5 52. h5 Rxh5 53. f6+ Kxe6
54. Rxd6+ Kxd6 55. f7 1-0

[Event "8th Sunway Sitges 2021"]
[Site "Sitges ESP"]
[Date "2021.12.13"]
[Round "1.78"]
[White "Heid, Michael"]
[Black "Bhambure, Shantanu"]
[Result "0-1"]
[WhiteElo "2017"]
[BlackElo "2377"]
[WhiteFideId "16276949"]
[BlackFideId "5025931"]
[EventDate "2021.12.13"]

1. d4 d5 2. Nf3 Nf6 3. g3 Bf5 4. Bg2 e6 5. c4 c6 6. Qb3 Qb6 7. Nbd2 Nbd7 8. O-O
Bd6 9. Qe3 Bg4 10. Qc3 Bb4 11. Qb3 Be7 12. h3 Bf5 13. Qxb6 axb6 14. cxd5 exd5
15. Nh4 Bc2 16. e4 Nxe4 17. Nxe4 Bxe4 18. Bxe4 dxe4 19. Nf5 g6 20. Nxe7 Kxe7 21.
Re1 f5 22. f3 Kd6 23. fxe4 fxe4 24. Rxe4 Rae8 25. Rxe8 Rxe8 26. Kf2 Kd5 27. Be3
Nf6 28. Re1 Ne4+ 29. Kf3 Nd6 30. Rd1 Nf5 31. Bf2 Re4 32. Rd2 h5 33. g4 hxg4+ 34.
hxg4 Nh6 35. g5 Nf5 36. Bg1 Nxd4+ 37. Bxd4 Rxd4 38. Re2 Kd6 39. Re8 Rd5 40. Kg4
Rd4+ 41. Kf3 Rb4 42. Rg8 Rxb2 43. Rxg6+ Ke5 44. Rg7 Rxa2 45. Kg4 b5 46. Rxb7
Rg2+ 47. Kh5 Kd5 48. Kg6 Kc4 49. Kf6 Rf2+ 50. Ke6 Re2+ 51. Kf6 b4 52. g6 Rf2+
53. Ke5 Rg2 54. g7 c5 55. Ke4 b3 56. Ke3 Kc3 57. Kf3 Rg6 58. Re7 b2 59. Re3+ Kb4
60. Re7 c4 61. Ke3 Kc3 0-1

[Event "8th Sunway Sitges 2021"]
[Site "Sitges ESP"]
[Date "2021.12.13"]
[Round "1.79"]
[White "Heinemann, Josefine"]
[Black "Perez Bolanos, Joel"]
[Result "1-0"]
[WhiteTitle "WGM"]
[WhiteElo "2369"]
[BlackElo "2015"]
[WhiteFideId "12900460"]
[BlackFideId "24564419"]
[EventDate "2021.12.13"]

1. e4 c5 2. Nf3 d6 3. d4 cxd4 4. Nxd4 Nf6 5. Nc3 g6 6. Be3 Bg7 7. f3 Nc6 8. Qd2
O-O 9. O-O-O d5 10. exd5 Nxd5 11. Nxc6 bxc6 12. Bd4 Bxd4 13. Qxd4 Qb6 14. Bc4
Nxc3 15. Qxc3 Ba6 16. Bb3 Rad8 17. Rde1 Rd7 18. h4 Rfd8 19. h5 gxh5 20. Rxh5 Rd4
21. f4 R8d6 22. Qg3+ Rg6 23. Bxf7+ Kxf7 24. Rxh7+ 1-0

[Event "8th Sunway Sitges 2021"]
[Site "Sitges ESP"]
[Date "2021.12.13"]
[Round "1.80"]
[White "Ankitha, Goud Palle"]
[Black "Moksh, Amit Doshi"]
[Result "0-1"]
[WhiteTitle "WCM"]
[BlackTitle "IM"]
[WhiteElo "2012"]
[BlackElo "2368"]
[WhiteFideId "35036270"]
[BlackFideId "25064967"]
[EventDate "2021.12.13"]

1. Nf3 d5 2. c4 d4 3. b4 c5 4. Bb2 Nf6 5. bxc5 Nc6 6. g3 e5 7. d3 Bxc5 8. Bg2
O-O 9. O-O Qe7 10. Nbd2 a5 11. Ng5 a4 12. Nge4 Nxe4 13. Nxe4 a3 14. Bc1 Bb4 15.
Rb1 f5 16. Ng5 h6 17. Bd5+ Kh8 18. Nf3 Bc5 19. Bd2 Qf6 20. Rb5 Bd6 21. Qb3 Ra7
22. e3 f4 23. exf4 exf4 24. c5 Bc7 25. Kg2 Qf5 26. Nh4 Qf6 27. Be4 Ne7 28. Rb6
Qf7 29. Qxf7 Rxf7 30. Rb4 g5 31. Nf3 Nc6 32. Bxc6 bxc6 33. Rxd4 Be6 34. Bc3 Kh7
35. gxf4 Bxf4 36. Rd8 Bxa2 37. Nd4 Rfd7 38. Re8 Bf7 39. Rf8 Be5 40. Ne2 Bxc3 41.
Nxc3 Rxd3 42. Ne4 a2 43. Ra1 Bd5 44. f3 Rb3 45. Nf6+ Kg7 0-1

[Event "8th Sunway Sitges 2021"]
[Site "Sitges ESP"]
[Date "2021.12.13"]
[Round "1.82"]
[White "Sperat Czar, Nicolas"]
[Black "Roebers, Eline"]
[Result "0-1"]
[WhiteElo "2004"]
[BlackElo "2365"]
[WhiteFideId "551007827"]
[BlackFideId "1058401"]
[EventDate "2021.12.13"]

1. e4 c5 2. Nf3 Nc6 3. d4 cxd4 4. Nxd4 Nf6 5. Nc3 e5 6. Ndb5 d6 7. Bg5 a6 8. Na3
b5 9. Nd5 Be7 10. Bxf6 Bxf6 11. c3 Ne7 12. Nxf6+ gxf6 13. Nc2 Bb7 14. Bd3 d5 15.
Qe2 f5 16. exf5 e4 17. f6 Ng6 18. Qe3 O-O 19. Be2 Qxf6 20. O-O Nf4 21. g3 Ne6
22. Rfd1 Rac8 23. a4 Qe7 24. axb5 axb5 25. Bxb5 f5 26. Ra7 f4 27. Qb6 Rc7 28.
Nb4 e3 29. fxe3 fxg3 30. hxg3 Nc5 31. Qh6 Qe5 32. Bf1 Qxg3+ 33. Bg2 Rg7 34. Qh2
Qxe3+ 35. Kh1 Ne4 0-1

[Event "8th Sunway Sitges 2021"]
[Site "Sitges ESP"]
[Date "2021.12.13"]
[Round "1.83"]
[White "Sidhant, Mohapatra"]
[Black "Asensio Linan, Teodoro"]
[Result "1-0"]
[WhiteTitle "IM"]
[WhiteElo "2360"]
[BlackElo "2003"]
[WhiteFideId "5028698"]
[BlackFideId "2212536"]
[EventDate "2021.12.13"]

1. d4 Nf6 2. Bf4 d5 3. e3 c5 4. Nd2 Nc6 5. Ngf3 cxd4 6. exd4 Qb6 7. Nb3 Bf5 8.
c3 Ne4 9. Be2 f6 10. O-O g5 11. Be3 e6 12. Nfd2 Bd6 13. Bh5+ Ke7 14. Re1 Nxd2
15. Bxd2 Rag8 16. Qf3 Kd7 17. h3 Be4 18. Rxe4 dxe4 19. Qxe4 f5 20. Qe2 Rf8 21.
Re1 e5 22. dxe5 Nxe5 23. Be3 Qc6 24. Bd4 Ng6 25. Bf3 Qa6 26. Qe6+ Kc7 27. Bxh8
Nxh8 28. Nd4 1-0

[Event "8th Sunway Sitges 2021"]
[Site "Sitges ESP"]
[Date "2021.12.14"]
[Round "2.1"]
[White "Heinemann, Josefine"]
[Black "Korobov, Anton"]
[Result "0-1"]
[WhiteTitle "WGM"]
[BlackTitle "GM"]
[WhiteElo "2369"]
[BlackElo "2699"]
[WhiteFideId "12900460"]
[BlackFideId "14105730"]
[EventDate "2021.12.13"]

1. e4 c5 2. Nf3 Nc6 3. d4 cxd4 4. Nxd4 Qb6 5. Nb3 Nf6 6. Nc3 e6 7. Qe2 Bb4 8.
Bd2 O-O 9. a3 Be7 10. Be3 Qc7 11. O-O-O a6 12. g4 d6 13. g5 Nd7 14. f4 b5 15. h4
b4 16. axb4 Nxb4 17. f5 exf5 18. exf5 Nc5 19. f6 Nxb3+ 20. cxb3 gxf6 21. gxf6
Bxf6 22. Qg2+ Kh8 23. Bd4 Na2+ 24. Kb1 Nxc3+ 25. bxc3 Bxd4 26. cxd4 Bf5+ 27. Bd3
Rab8 28. Qb2 Rxb3 29. Qxb3 Rb8 30. Qxb8+ Qxb8+ 31. Kc1 Bg4 32. Rd2 Qb4 33. Bc2
a5 34. Rg1 h5 35. Rg3 a4 36. Rdd3 f5 37. Ra3 f4 38. Rg1 0-1

[Event "8th Sunway Sitges 2021"]
[Site "Sitges ESP"]
[Date "2021.12.14"]
[Round "2.2"]
[White "Cheparinov, Ivan"]
[Black "Sidhant, Mohapatra"]
[Result "1-0"]
[WhiteTitle "GM"]
[BlackTitle "IM"]
[WhiteElo "2664"]
[BlackElo "2360"]
[WhiteFideId "2905540"]
[BlackFideId "5028698"]
[EventDate "2021.12.13"]

1. d4 d5 2. c4 c6 3. Nf3 Nf6 4. Nc3 e6 5. Bg5 Nbd7 6. e3 Qa5 7. Nd2 Bb4 8. Rc1
Ne4 9. Ndxe4 dxe4 10. Bh4 Qxa2 11. Qc2 Nb6 12. Be2 Na4 13. O-O Bxc3 14. bxc3
Nxc3 15. Qxc3 Qxe2 16. Qa3 f6 17. f3 c5 18. Rfe1 Qd3 19. Qxc5 exf3 20. e4 h5 21.
d5 Qd2 22. gxf3 Rh6 23. Qf2 Qxf2+ 24. Kxf2 g5 25. Bg3 h4 26. Bd6 e5 27. c5 Rh7
28. f4 exf4 29. e5 fxe5 30. Rxe5+ Kf7 31. Rxg5 Rg7 32. Rxg7+ Kxg7 33. Kf3 a5 34.
Rg1+ Kf7 35. Be5 a4 36. Rg7+ Kf8 37. d6 Be6 38. Kxf4 a3 39. Kg5 a2 40. Kf6 Bh3
41. Rxb7 Re8 42. Rf7+ Kg8 43. Re7 Rf8+ 44. Kg6 Bf5+ 45. Kg5 Be4 46. d7 Bc6 47.
Rg7+ Kh8 48. Rf7+ Kg8 49. Rxf8+ 1-0

[Event "8th Sunway Sitges 2021"]
[Site "Sitges ESP"]
[Date "2021.12.14"]
[Round "2.3"]
[White "Moksh, Amit Doshi"]
[Black "Nihal, Sarin"]
[Result "1/2-1/2"]
[WhiteTitle "IM"]
[BlackTitle "GM"]
[WhiteElo "2368"]
[BlackElo "2662"]
[WhiteFideId "25064967"]
[BlackFideId "25092340"]
[EventDate "2021.12.13"]

1. d4 d5 2. c4 e6 3. Nc3 Nf6 4. Bg5 Be7 5. e3 h6 6. Bxf6 Bxf6 7. Nf3 O-O 8. Rc1
c6 9. Bd3 Nd7 10. O-O a6 11. e4 dxc4 12. Bxc4 b5 13. Be2 c5 14. e5 Be7 15. a4 b4
16. Ne4 Bb7 17. Nxc5 Nxc5 18. dxc5 Rc8 19. c6 Rxc6 20. Rxc6 Bxc6 21. Bxa6 Qxd1
22. Rxd1 Bxa4 23. Rc1 Rd8 24. Kf1 g5 25. h3 Bd1 26. Be2 Bb3 27. Bc4 Bd1 28. Be2
Ba4 29. Ba6 Rd1+ 30. Rxd1 Bxd1 31. Be2 Bb3 32. Bb5 Bd5 33. Ne1 Kg7 34. Nd3 h5
35. f3 b3 36. Ke2 Bd8 37. Nb4 Bc7 38. Nxd5 exd5 39. Ba4 Bxe5 40. Bxb3 Bxb2 41.
Bxd5 1/2-1/2

[Event "8th Sunway Sitges 2021"]
[Site "Sitges ESP"]
[Date "2021.12.14"]
[Round "2.4"]
[White "Niemann, Hans Moke"]
[Black "Meister, Peter"]
[Result "1-0"]
[WhiteTitle "GM"]
[BlackTitle "IM"]
[WhiteElo "2645"]
[BlackElo "2359"]
[WhiteFideId "2093596"]
[BlackFideId "4600207"]
[EventDate "2021.12.13"]

1. e4 g6 2. d4 Bg7 3. Nc3 d6 4. Be3 a6 5. a4 Nc6 6. h3 e5 7. dxe5 Nxe5 8. Be2
Nf6 9. f4 Nc6 10. Bf3 O-O 11. Nge2 Re8 12. Bf2 a5 13. O-O Nb4 14. Bh4 Qe7 15.
Re1 Qf8 16. Nb5 Na6 17. Nec3 Rb8 18. Qd2 Kh8 19. Rad1 Nd7 20. Bf2 Ndc5 21. Bxc5
dxc5 22. e5 Be6 23. Ne4 b6 24. Qe2 Bc8 25. Na7 1-0

[Event "8th Sunway Sitges 2021"]
[Site "Sitges ESP"]
[Date "2021.12.14"]
[Round "2.5"]
[White "Aulia, Medina Warda"]
[Black "Tabatabaei, M. Amin"]
[Result "1/2-1/2"]
[WhiteTitle "IM"]
[BlackTitle "GM"]
[WhiteElo "2367"]
[BlackElo "2643"]
[WhiteFideId "7101570"]
[BlackFideId "12521213"]
[EventDate "2021.12.13"]

1. e4 e5 2. Nf3 Nc6 3. Bb5 a6 4. Ba4 d6 5. c3 g6 6. O-O Bg7 7. Re1 Bd7 8. h3 b5
9. Bb3 Na5 10. Bc2 c5 11. d4 Ne7 12. Nbd2 O-O 13. Nf1 exd4 14. cxd4 cxd4 15.
Nxd4 Rc8 16. Ne3 Qb6 17. Nf3 Rfd8 18. Ng4 Nc4 19. Rb1 Ne5 20. Be3 Qc7 21. Bb3
Nxg4 22. hxg4 Bxg4 23. Bxf7+ Kh8 24. Qb3 Bxf3 25. gxf3 Nc6 26. Kg2 d5 27. Bxd5
Nd4 28. Bxd4 Bxd4 29. Rbd1 Be5 30. Be6 Rb8 31. Rd5 Qg7 32. Red1 Rf8 33. Rd7 Qf6
34. Rh1 Qg5+ 35. Kf1 Bg7 36. Rxg7 Qc1+ 37. Kg2 Qg5+ 38. Kf1 1/2-1/2

[Event "8th Sunway Sitges 2021"]
[Site "Sitges ESP"]
[Date "2021.12.14"]
[Round "2.6"]
[White "Abdusattorov, Nodirbek"]
[Black "Santarius, Erik"]
[Result "1/2-1/2"]
[WhiteTitle "GM"]
[BlackTitle "IM"]
[WhiteElo "2633"]
[BlackElo "2355"]
[WhiteFideId "14204118"]
[BlackFideId "2025817"]
[EventDate "2021.12.13"]

1. e4 e5 2. Nf3 Nc6 3. Bc4 Bc5 4. c3 Nf6 5. d3 O-O 6. O-O d5 7. exd5 Nxd5 8.
Nbd2 Nb6 9. Bb5 Bd6 10. Ne4 Bg4 11. h3 Bh5 12. Re1 Re8 13. Bg5 f6 14. Be3 a6 15.
Bxc6 bxc6 16. Ng3 Bf7 17. c4 e4 18. Nxe4 Nxc4 19. Nxd6 Nxd6 20. Nd4 c5 21. Nb3
c4 22. Nc5 Qb8 23. Qc1 Qb5 24. dxc4 Nxc4 25. Bd4 Rad8 26. Qc3 Qc6 27. Rxe8+ Rxe8
28. b3 Nd6 29. Re1 Rxe1+ 30. Qxe1 Nb7 31. Qe7 Nxc5 32. Bxc5 h6 33. f3 Be6 34.
Kf2 Qd7 35. Qf8+ Kh7 36. Be3 Qc6 37. Qe7 Bf5 38. Kg3 Qd6+ 39. Qxd6 cxd6 40. Kf2
Kg8 41. Bf4 d5 42. Ke3 Bb1 43. Kd2 Kf7 44. Bd6 h5 45. a4 Ke6 46. Bf8 g6 47. Kc3
Ke5 48. Bc5 Ke6 49. Bd4 f5 50. h4 Kd6 51. Be3 Kc6 52. Bf4 Kd7 53. b4 Ba2 54. Kd4
Bc4 55. Kc5 Bf1 56. b5 axb5 57. axb5 Be2 58. b6 Ba6 59. Kxd5 Kc8 60. Kc6 Bb7+
61. Kd6 Ba6 62. Be3 Bf1 63. Kc6 Ba6 64. Bd4 Bb7+ 65. Kd6 Ba6 66. Ke5 Bf1 67. g3
Be2 68. f4 Bg4 69. Kf6 Kb7 70. Kxg6 Kc6 71. Kf7 Kb7 72. Ke7 Kc6 73. Kd8 Kb7 74.
Kd7 Bh3 75. Ke6 Bg4 76. Kd5 Bh3 77. Kc5 Bg4 78. Be5 Bh3 79. Bc7 Bg4 80. Kd5 Bh3
81. Ke6 Bg4 82. Kf6 Kc6 83. Kg5 Kb7 84. Kg6 Kc6 85. Kg5 1/2-1/2

[Event "8th Sunway Sitges 2021"]
[Site "Sitges ESP"]
[Date "2021.12.14"]
[Round "2.7"]
[White "Roebers, Eline"]
[Black "Karthikeyan, Murali"]
[Result "0-1"]
[BlackTitle "GM"]
[WhiteElo "2365"]
[BlackElo "2630"]
[WhiteFideId "1058401"]
[BlackFideId "5074452"]
[EventDate "2021.12.13"]

1. e4 c5 2. Nf3 Nc6 3. d4 cxd4 4. Nxd4 Nf6 5. Nc3 e5 6. Ndb5 d6 7. Bg5 a6 8. Na3
b5 9. Bxf6 gxf6 10. Nd5 Bg7 11. g3 O-O 12. Bg2 Be6 13. c3 Rc8 14. Nc2 f5 15.
exf5 Bxf5 16. Nce3 Be6 17. g4 Ne7 18. Nxe7+ Qxe7 19. Be4 Bh6 20. Nf5 Bxf5 21.
Bxf5 Rc5 22. Qd3 e4 23. Qg3 e3 24. f4 Re8 25. Rd1 e2 26. Rd4 Rc4 27. g5 Bg7 28.
Rd2 b4 29. Bd3 Qb7 30. Rg1 bxc3 31. Rxe2 Rxe2+ 32. Kxe2 Qxb2+ 33. Kf3 Qb7+ 34.
Kg4 Qc8+ 35. Bf5 Qc6 36. Bd3 Rd4 37. Qh3 Kf8 38. Rf1 Qd5 39. Bf5 Qxa2 40. Kh5
Rd2 41. Qe3 Rxh2+ 0-1

[Event "8th Sunway Sitges 2021"]
[Site "Sitges ESP"]
[Date "2021.12.14"]
[Round "2.8"]
[White "Erigaisi, Arjun"]
[Black "Salimova, Nurgyul"]
[Result "1/2-1/2"]
[WhiteTitle "GM"]
[BlackTitle "IM"]
[WhiteElo "2629"]
[BlackElo "2353"]
[WhiteFideId "35009192"]
[BlackFideId "2915138"]
[EventDate "2021.12.13"]

1. c4 e6 2. Nc3 d5 3. d4 Nf6 4. cxd5 exd5 5. Bg5 c6 6. e3 Be7 7. Bd3 O-O 8. Nf3
Nbd7 9. Qc2 Re8 10. O-O Nf8 11. h3 Nh5 12. Bxe7 Qxe7 13. Rab1 a5 14. Na4 g6 15.
Nb6 Rb8 16. Qa4 Qd8 17. Nxc8 Rxc8 18. Rfc1 Ne6 19. b4 axb4 20. Qxb4 Rc7 21. a4
Ng5 22. Be2 Nxf3+ 23. Bxf3 Ng7 24. Qb6 Ne6 25. a5 Qd7 26. h4 Ra8 27. g3 Ra6 28.
Qb4 h5 29. Rb3 Qd8 30. Be2 Ra8 31. Kg2 Qe8 32. Rbc3 Rd8 33. Qa4 Rd6 34. Rb3 Nd8
35. Rb6 Rf6 36. Qc2 Kg7 37. Rcb1 Qd7 38. Kg1 Qd6 39. Bf1 Re7 40. Bg2 Qd7 41.
R1b2 Qd6 42. Qc5 Qxc5 43. dxc5 Rfe6 44. Bf1 Rc7 45. a6 bxa6 46. Rb8 Re8 47. Ra8
Kf8 48. Rbb8 Ke7 49. Bxa6 Rf8 50. Bc8 Ne6 51. Bxe6 Rxb8 52. Rxb8 Kxe6 53. Rd8
Rd7 54. Rc8 d4 55. exd4 Rxd4 56. Rxc6+ Ke5 57. Rc7 Rc4 58. Kg2 Rc3 59. c6 Ke6
60. Kf1 Rc2 61. Ke1 f6 62. Kf1 Kd6 63. Rg7 Rxc6 64. Rxg6 Ke6 65. Rh6 Rc5 66. Rh7
Ra5 67. Kg2 Rb5 68. Kh3 Rf5 69. Kg2 Rb5 70. f3 Ra5 71. Kh3 Rf5 72. Kg2 Ra5 73.
Rb7 Kf5 74. Rb4 Kg6 75. Rf4 Ra2+ 76. Kh3 Ra3 77. g4 hxg4+ 78. Kxg4 Ra5 79. Rb4
Rc5 80. Rb8 Rc4+ 81. Kg3 Ra4 82. Rg8+ Kh5 83. Rg4 Ra1 84. Kf4 Ra4+ 85. Kf5 Rxg4
86. fxg4+ Kxh4 87. Kxf6 Kxg4 1/2-1/2

[Event "8th Sunway Sitges 2021"]
[Site "Sitges ESP"]
[Date "2021.12.14"]
[Round "2.9"]
[White "Manu, David Suthandram R"]
[Black "Kollars, Dmitrij"]
[Result "1/2-1/2"]
[WhiteTitle "FM"]
[BlackTitle "GM"]
[WhiteElo "2360"]
[BlackElo "2622"]
[WhiteFideId "35019562"]
[BlackFideId "12909572"]
[EventDate "2021.12.13"]

1. e4 c5 2. Nf3 d6 3. d4 cxd4 4. Nxd4 Nf6 5. Nc3 Nc6 6. Be2 e5 7. Nb3 Be7 8. O-O
Be6 9. Be3 O-O 10. Qd2 a6 11. Rad1 Rc8 12. f3 Nb8 13. Nd5 Nxd5 14. exd5 Bf5 15.
c4 h6 16. f4 exf4 17. Bxf4 Bg6 18. Qb4 Qc7 19. Rc1 b6 20. Bg4 Rce8 21. Kh1 a5
22. Qa3 Na6 23. Nd4 Nc5 24. Rcd1 Ne4 25. Qa4 Qc5 26. Be3 Bg5 27. Bg1 Qc7 28. Qc6
Qe7 29. Nf5 Bxf5 30. Bxf5 Nd2 31. Rf2 1/2-1/2

[Event "8th Sunway Sitges 2021"]
[Site "Sitges ESP"]
[Date "2021.12.14"]
[Round "2.10"]
[White "Vocaturo, Daniele"]
[Black "Peist, Juergen"]
[Result "1-0"]
[WhiteTitle "GM"]
[BlackTitle "FM"]
[WhiteElo "2621"]
[BlackElo "2351"]
[WhiteFideId "813192"]
[BlackFideId "4606019"]
[EventDate "2021.12.13"]

1. e4 c5 2. Nf3 e6 3. d4 cxd4 4. Nxd4 Nc6 5. Nc3 Qc7 6. Be3 a6 7. Qf3 Nf6 8.
O-O-O Ne5 9. Qg3 b5 10. f4 Neg4 11. Bg1 h5 12. e5 b4 13. Na4 Nd5 14. h3 Nh6 15.
f5 Bb7 16. Bd3 h4 17. Qxh4 Qxe5 18. Be4 Be7 19. Qe1 Ng4 20. Nb6 Qf4+ 21. Rd2 Bg5
22. Nf3 Ngf6 23. Nxg5 Qxg5 24. Nxa8 Nxe4 25. Qxe4 Bxa8 26. Bc5 Qxf5 27. Qxf5
exf5 28. Re1+ Kd8 29. Re5 Nf4 30. Bb6+ Kc8 31. Rxf5 Nxg2 32. Rc5+ 1-0

[Event "8th Sunway Sitges 2021"]
[Site "Sitges ESP"]
[Date "2021.12.14"]
[Round "2.11"]
[White "Ervan, Mohamad"]
[Black "Sethuraman, S.P."]
[Result "0-1"]
[WhiteTitle "IM"]
[BlackTitle "GM"]
[WhiteElo "2356"]
[BlackElo "2613"]
[WhiteFideId "7102135"]
[BlackFideId "5021596"]
[EventDate "2021.12.13"]

1. e4 c5 2. Nf3 d6 3. d4 cxd4 4. Nxd4 Nf6 5. Nc3 a6 6. Be3 e5 7. Nb3 Be7 8. h3
h6 9. f4 Nbd7 10. Qf3 b5 11. O-O-O Bb7 12. Kb1 Qc7 13. g4 b4 14. Nd5 Nxd5 15.
exd5 Nf6 16. Bg2 e4 17. Qe2 O-O 18. Bc1 Rfe8 19. Nd2 Nxd5 20. Nxe4 Rab8 21. Qd3
Nc3+ 22. bxc3 bxc3 23. Ka1 Bxe4 24. Bxe4 Qb6 25. Ba3 Qa5 26. Bxd6 Bxd6 27. Qxd6
Rbd8 28. Qc6 Rc8 29. Qb7 Rc7 30. Qb3 Rxe4 31. Rd5 Qb4 32. f5 a5 33. Rd3 Kh7 34.
Rhd1 Qe7 35. Qd5 Re2 36. Qb3 a4 37. Qxa4 Ra7 38. Qb3 Rb7 39. Qxc3 Rc7 40. Qa3
Qe4 41. c3 Rb7 42. Rd8 Qc6 43. R8d4 Ra7 44. Qb3 Rexa2+ 45. Kb1 Qg2 0-1

[Event "8th Sunway Sitges 2021"]
[Site "Sitges ESP"]
[Date "2021.12.14"]
[Round "2.12"]
[White "Puranik, Abhimanyu"]
[Black "Grebeniuk, Semen"]
[Result "1-0"]
[WhiteTitle "GM"]
[WhiteElo "2604"]
[BlackElo "2346"]
[WhiteFideId "5061245"]
[BlackFideId "14117509"]
[EventDate "2021.12.13"]

1. e4 c5 2. Nf3 Nc6 3. d4 cxd4 4. Nxd4 g6 5. c4 Bg7 6. Be3 Nf6 7. Nc3 O-O 8. Be2
d6 9. O-O Nd7 10. Kh1 Nc5 11. Qd2 Ne6 12. Nxe6 Bxe6 13. Nd5 Qd7 14. Rac1 f5 15.
exf5 Bxf5 16. Rfd1 e5 17. c5 dxc5 18. Bxc5 Rfd8 19. Qg5 Qf7 20. Bb5 h6 21. Qh4
g5 22. Qa4 Be6 23. Bxc6 bxc6 24. Ne7+ Kh8 25. Qxc6 Bxa2 26. Rd6 Qh5 27. Nf5 Rac8
28. Be3 Rxc6 29. Rxd8+ Kh7 30. Rxc6 Qe2 31. h3 Bb1 32. Ng3 Qxb2 33. Rc7 Kg6 34.
Rd6+ Bf6 35. Rcc6 e4 36. Bd4 1-0

[Event "8th Sunway Sitges 2021"]
[Site "Sitges ESP"]
[Date "2021.12.14"]
[Round "2.13"]
[White "Gomes, Mary Ann"]
[Black "Cornette, Matthieu"]
[Result "1-0"]
[WhiteTitle "WGM"]
[BlackTitle "GM"]
[WhiteElo "2354"]
[BlackElo "2583"]
[WhiteFideId "5013623"]
[BlackFideId "620084"]
[EventDate "2021.12.13"]

1. Nf3 d5 2. g3 Nd7 3. d4 Nb6 4. Bg2 Bf5 5. Nbd2 e6 6. O-O Be7 7. Re1 Nf6 8. c4
c6 9. Qb3 Qc7 10. Ne5 Rd8 11. c5 Nbd7 12. Ndf3 h6 13. Qa4 a6 14. b4 O-O 15. Qa5
Qc8 16. a4 Ne4 17. b5 f6 18. Nd3 Nb8 19. Bf4 Qd7 20. Rab1 axb5 21. axb5 g5 22.
Bxb8 Rxb8 23. Qb6 Rbc8 24. bxc6 bxc6 25. Qb7 Rc7 26. Qb2 Ra7 27. Nd2 Rfa8 28.
Nxe4 Bxe4 29. Bxe4 dxe4 30. Nc1 Qd5 31. e3 h5 32. Ne2 h4 33. gxh4 Qf5 34. Ng3
Qf3 35. Qb3 Kf7 36. hxg5 Ra2 37. Rf1 f5 38. g6+ Kf6 39. g7 Rd2 40. Qb7 Rg8 41.
Qxc6 Rxg7 42. Rb6 1-0